000 01256nam a2200229Ia 4500
001 L235-7423
003 IT-CnALBA
008 170116s9999||||xx |||||||||||||| ||und||
040 _aIT-CnALBA
_cIT-CnALBA
041 _aITALIANO
100 _aCASTELLETTI CARLO, MONS.
245 0 _aIL MESE DI MARIA. LA VITA CRISTIANA. DISCORSI CON ESEMPI.
250 _a1a ed.
260 _a TO BO CT PA
_bSOCIETÀ ED. INTER.
_c1930 [1° Ed.:1930 - Ed.Ling.Originale: 1930]
300 _a226 p. (prefazione: 7)
500 _aCURATORE FORNO P. DONO DI GIOVANNI CHIAVARINO. VITA CRISTIANA. DIGNITÀ DEL CRISTIANO. RISPETTO UMANO. RENDIMENTO DI GLORIA A DIO. FEDE. PAROLA DI DIO. SPERANZA. ORAZIONE. CANTA MESSA. CARITÀ. AMORE DI DIO. TIEPIDEZZA. DOVERI VERSO DIO. SANTIFICAZIONE DELL
501 _aSocietà San Paolo EM - Piazza San Paolo, 14 - 12051 ALBA (CN) (non commercial uses only) ® Copyright 2017
520 _aCURATORE FORNO P. DONO DI GIOVANNI CHIAVARINO. VITA CRISTIANA. DIGNITÀ DEL CRISTIANO. RISPETTO UMANO. RENDIMENTO DI GLORIA A DIO. FEDE. PAROLA DI DIO. SPERANZA. ORAZIONE. CANTA MESSA. CARITÀ. AMORE DI DIO. TIEPIDEZZA. DOVERI VERSO DIO. SANTIFICAZIONE DELL
650 _aMARIA SS. ANGELI SANTI DEMONI
942 _cBK
957 _71
999 _a8399
_bSI
_g Copie: 1
_c266605
_d266605